<?xml version="1.0" encoding="UTF-8"?>
<record
    xmlns:xsi="http://www.w3.org/2001/XMLSchema-instance"
    xsi:schemaLocation="http://www.loc.gov/MARC21/slim http://www.loc.gov/standards/marcxml/schema/MARC21slim.xsd"
    xmlns="http://www.loc.gov/MARC21/slim">

  <leader>01761nam a2200337 i 4500</leader>
  <controlfield tag="001">80889</controlfield>
  <controlfield tag="003">BD-RjUL</controlfield>
  <controlfield tag="005">20221205123148.0</controlfield>
  <controlfield tag="008">201105m19091910ua            000 0 ara d</controlfield>
  <datafield tag="035" ind1=" " ind2=" ">
    <subfield code="a">(BD-RjUL)80889</subfield>
  </datafield>
  <datafield tag="040" ind1=" " ind2=" ">
    <subfield code="a">NNL</subfield>
    <subfield code="b">ara</subfield>
    <subfield code="e">rda</subfield>
    <subfield code="c">BD-RjUL</subfield>
  </datafield>
  <datafield tag="041" ind1="0" ind2=" ">
    <subfield code="a">ara</subfield>
  </datafield>
  <datafield tag="082" ind1=" " ind2=" ">
    <subfield code="2">23</subfield>
    <subfield code="a">340.59092</subfield>
    <subfield code="b">LAK 1909</subfield>
  </datafield>
  <datafield tag="100" ind1="1" ind2=" ">
    <subfield code="a">&#x627;&#x644;&#x644;&#x643;&#x646;&#x648;&#x64A;&#x60C; &#x645;&#x62D;&#x645;&#x62F; &#x628;&#x646; &#x645;&#x62D;&#x645;&#x62F;&#x60C;     Al-Laknawi, Muhammad bin Muhammad,</subfield>
    <subfield code="d">&#x62A;&#x648;&#x641;&#x64A; 1810 &#x623;&#x648; 1811</subfield>
    <subfield code="e">&#x645;&#x624;&#x644;&#x641;</subfield>
    <subfield code="9">6144</subfield>
  </datafield>
  <datafield tag="245" ind1="1" ind2="5">
    <subfield code="a">&#x643;&#x62A;&#x627;&#x628; &#x645;&#x631;&#x627;&#x629; &#x627;&#x644;&#x634;&#x631;&#x648;&#x62D; /kitab miraat alshuruh /</subfield>
    <subfield code="c">&#x644;&#x644;&#x639;&#x644;&#x627;&#x645;&#x629; &#x645;&#x648;&#x644;&#x627;&#x646;&#x627; &#x645;&#x648;&#x644;&#x648;&#x649; &#x645;&#x62D;&#x645;&#x62F; &#x645;&#x628;&#x64A;&#x646;&#x60C; &#x639;&#x644;&#x649; &#x643;&#x62A;&#x627;&#x628; &#x633;&#x644;&#x645; &#x627;&#x644;&#x639;&#x644;&#x648;&#x645; &#x644;&#x644;&#x634;&#x64A;&#x62E; &#x645;&#x62D;&#x628; &#x627;&#x644;&#x644;&#x647; &#x627;&#x644;&#x628;&#x647;&#x627;&#x631;&#x649;.lilealaamat mawlana mulwaa muhamad mubin, ealaa kitab salam aleulum lilshaykh muhibu allah albaharaa.</subfield>
  </datafield>
  <datafield tag="246" ind1="3" ind2="3">
    <subfield code="a">&#x643;&#x62A;&#x627;&#x628; &#x645;&#x631;&#x627;&#x629; &#x627;&#x644;&#x634;&#x631;&#x648;&#x62D; &#x639;&#x644;&#x649; &#x643;&#x62A;&#x627;&#x628; &#x633;&#x644;&#x645; &#x627;&#x644;&#x639;&#x644;&#x648;&#x645;</subfield>
  </datafield>
  <datafield tag="250" ind1=" " ind2=" ">
    <subfield code="a">&#x627;&#x644;&#x637;&#x628;&#x639;&#x629; &#x627;&#x644;&#x623;&#x648;&#x644;&#x649;</subfield>
  </datafield>
  <datafield tag="264" ind1=" " ind2="1">
    <subfield code="a">&#x645;&#x635;&#x631; :</subfield>
    <subfield code="b">[&#x627;&#x633;&#x645; &#x627;&#x644;&#x646;&#x627;&#x634;&#x631; &#x63A;&#x64A;&#x631; &#x645;&#x639;&#x631;&#x648;&#x641;]&#x60C;</subfield>
    <subfield code="c">[1909-1910] &#x661;&#x663;&#x662;&#x667;-&#x661;&#x663;&#x662;&#x668; &#x647;&#x62C;&#x631;&#x64A;.</subfield>
  </datafield>
  <datafield tag="264" ind1=" " ind2="3">
    <subfield code="b">&#x645;&#x637;&#x628;&#x639;&#x629; &#x627;&#x644;&#x633;&#x639;&#x627;&#x62F;&#x629;.</subfield>
  </datafield>
  <datafield tag="300" ind1=" " ind2=" ">
    <subfield code="a">; &#x645;&#x62C;&#x644;&#x62F;&#x627;&#x62A;</subfield>
    <subfield code="c">23 cm</subfield>
  </datafield>
  <datafield tag="336" ind1=" " ind2=" ">
    <subfield code="a">text</subfield>
    <subfield code="b">txt</subfield>
    <subfield code="2">rdacontent</subfield>
  </datafield>
  <datafield tag="337" ind1=" " ind2=" ">
    <subfield code="a">unmediated</subfield>
    <subfield code="b">n</subfield>
    <subfield code="2">rdamedia</subfield>
  </datafield>
  <datafield tag="338" ind1=" " ind2=" ">
    <subfield code="a">volume</subfield>
    <subfield code="b">nc</subfield>
    <subfield code="2">rdacarrier</subfield>
  </datafield>
  <datafield tag="505" ind1="8" ind2=" ">
    <subfield code="a">&#x627;&#x644;&#x62C;&#x632;&#x621; 1. &#x64A;&#x634;&#x62A;&#x645;&#x644; &#x639;&#x644;&#x649; &#x642;&#x633;&#x645; &#x627;&#x644;&#x62A;&#x635;&#x648;&#x631;&#x627;&#x62A;.</subfield>
  </datafield>
  <datafield tag="505" ind1="8" ind2=" ">
    <subfield code="a">&#x627;&#x644;&#x62C;&#x632;&#x621; 2. &#x64A;&#x634;&#x62A;&#x645;&#x644; &#x639;&#x644;&#x649; &#x642;&#x633;&#x645; &#x627;&#x644;&#x62A;&#x635;&#x62F;&#x64A;&#x642;&#x627;&#x62A;. &#x637;&#x628;&#x639; &#x628;&#x627;&#x644;&#x645;&#x637;&#x628;&#x639;&#x629; &#x627;&#x644;&#x639;&#x627;&#x645;&#x631;&#x629; &#x627;&#x644;&#x634;&#x631;&#x641;&#x64A;&#x629;.</subfield>
  </datafield>
  <datafield tag="600" ind1="1" ind2="4">
    <subfield code="a">&#x627;&#x644;&#x628;&#x647;&#x627;&#x631;&#x64A;&#x60C; &#x645;&#x62D;&#x628; &#x627;&#x644;&#x644;&#x647; &#x628;&#x646; &#x639;&#x628;&#x62F; &#x627;&#x644;&#x634;&#x643;&#x648;&#x631;&#x60C;</subfield>
    <subfield code="d">&#x62A;&#x648;&#x641;&#x64A; 1707 &#x623;&#x648; 1708.</subfield>
    <subfield code="t">&#x633;&#x644;&#x645; &#x627;&#x644;&#x639;&#x644;&#x648;&#x645;</subfield>
    <subfield code="9">6145</subfield>
  </datafield>
  <datafield tag="650" ind1=" " ind2="4">
    <subfield code="a">Logic</subfield>
    <subfield code="v">Early works to 1800</subfield>
    <subfield code="9">6146</subfield>
  </datafield>
  <datafield tag="650" ind1=" " ind2="4">
    <subfield code="a">Interpretation and construction Islamic law </subfield>
    <subfield code="9">6147</subfield>
  </datafield>
  <datafield tag="700" ind1="1" ind2=" ">
    <subfield code="a">&#x627;&#x644;&#x628;&#x647;&#x627;&#x631;&#x64A;&#x60C; &#x645;&#x62D;&#x628; &#x627;&#x644;&#x644;&#x647; &#x628;&#x646; &#x639;&#x628;&#x62F; &#x627;&#x644;&#x634;&#x643;&#x648;&#x631;&#x60C;</subfield>
    <subfield code="d">&#x62A;&#x648;&#x641;&#x64A; 1707 &#x623;&#x648; 1708.</subfield>
  </datafield>
  <datafield tag="942" ind1=" " ind2=" ">
    <subfield code="2">ddc</subfield>
    <subfield code="c">BK</subfield>
  </datafield>
  <datafield tag="999" ind1=" " ind2=" ">
    <subfield code="c">80889</subfield>
    <subfield code="d">80889</subfield>
  </datafield>
  <datafield tag="952" ind1=" " ind2=" ">
    <subfield code="0">0</subfield>
    <subfield code="1">0</subfield>
    <subfield code="2">ddc</subfield>
    <subfield code="4">0</subfield>
    <subfield code="7">1</subfield>
    <subfield code="8">NFIC</subfield>
    <subfield code="a">RUCL</subfield>
    <subfield code="b">RUCL</subfield>
    <subfield code="c">Reading</subfield>
    <subfield code="d">1964-05-02</subfield>
    <subfield code="e">Urdu Library, Rajshahi</subfield>
    <subfield code="g">14.00</subfield>
    <subfield code="l">0</subfield>
    <subfield code="o">A 340.59092 LAK V-1 1909</subfield>
    <subfield code="r">2022-12-05 00:00:00</subfield>
    <subfield code="t">C-1</subfield>
    <subfield code="w">2022-12-05</subfield>
    <subfield code="y">BK</subfield>
  </datafield>
</record>
